<?xml version="1.0" encoding="UTF-8"?><?xml-stylesheet type="text/xsl" href="static/style.xsl"?><OAI-PMH xmlns="http://www.openarchives.org/OAI/2.0/" xmlns:xsi="http://www.w3.org/2001/XMLSchema-instance" xsi:schemaLocation="http://www.openarchives.org/OAI/2.0/ http://www.openarchives.org/OAI/2.0/OAI-PMH.xsd"><responseDate>2026-06-06T05:02:53Z</responseDate><request verb="GetRecord" identifier="oai:riuma.uma.es:10630/15705" metadataPrefix="marc">https://riuma.uma.es/rest/oai/request</request><GetRecord><record><header><identifier>oai:riuma.uma.es:10630/15705</identifier><datestamp>2026-02-03T10:50:37Z</datestamp><setSpec>com_10630_2254</setSpec><setSpec>col_10630_37953</setSpec></header><metadata><record xmlns="http://www.loc.gov/MARC21/slim" xmlns:dcterms="http://purl.org/dc/terms/" xmlns:doc="http://www.lyncode.com/xoai" xmlns:xsi="http://www.w3.org/2001/XMLSchema-instance" xsi:schemaLocation="http://www.loc.gov/MARC21/slim http://www.loc.gov/standards/marcxml/schema/MARC21slim.xsd">
   <leader>00925njm 22002777a 4500</leader>
   <datafield ind2=" " ind1=" " tag="042">
      <subfield code="a">dc</subfield>
   </datafield>
   <datafield ind2=" " ind1=" " tag="720">
      <subfield code="a">Pérez-Latorre, Andrés Vicente</subfield>
      <subfield code="e">author</subfield>
   </datafield>
   <datafield ind2=" " ind1=" " tag="720">
      <subfield code="a">Hidalgo-Triana, Noelia</subfield>
      <subfield code="e">author</subfield>
   </datafield>
   <datafield ind2=" " ind1=" " tag="720">
      <subfield code="a">Cabezudo-Artero, Baltasar</subfield>
      <subfield code="e">author</subfield>
   </datafield>
   <datafield ind2=" " ind1=" " tag="260">
      <subfield code="c">2018</subfield>
   </datafield>
   <datafield ind2=" " ind1=" " tag="520">
      <subfield code="a">Se ha realizado un estudio de los tipos de bosque del sur de la Península Ibérica,&#xd;
escogiendo la provincia de Málaga como representativa. El objetivo es catalogar los&#xd;
bosques a partir de bases de datos y capas SIG de vegetación, reuniéndolos en grupos&#xd;
funcionales. Se han utilizado atributos ecológicos (litología, bioclimatología),&#xd;
biogeográficos y funcionales. Se han identificado 16 tipos principales que agrupan&#xd;
37 asociaciones fitosociológicas; todos aparecen en la Directiva de “Hábitats”. La&#xd;
distribución de los bosques es desigual entre los sectores biogeográficos, destacando&#xd;
por diversidad y endemicidad el sector Aljíbico; el Bermejense destacó por su total&#xd;
endemicidad. Los 37 tipos de bosque pueden reunirse en diez grupos funcionales,&#xd;
pudiendo reducirse a cinco, modulados fundamentalmente por el sustrato edáfico,&#xd;
lo que podría utilizarse para simplificar su gestión y su clasificación.&#xd;
ABSTRACT&#xd;
A study about forest types in the southern of the Iberian Peninsula has been&#xd;
carried out, selecting the province of Malaga as representative area. The objective&#xd;
is to record the forests from databases and GIS layers of vegetation, bringing&#xd;
them into functional groups. Ecological attributes (lithology, bioclimatology),&#xd;
biogeographical and functional attributes have been used. We have found 16&#xd;
main types that group 37 phytosociological associations; all of them appear in&#xd;
the Habitats Directive. The distribution of the forests is unequal among the&#xd;
biogeographic sectors, emphasizing by diversity and endemicity the Aljíbico&#xd;
sector; the Bermejense stood out for its total endemicity. The 37 forest types can be grouped into ten functional groups, being reduced to five, mainly modulated&#xd;
by the soil substrate, which could be used to simplify their management and&#xd;
classification.</subfield>
   </datafield>
   <datafield ind1="8" ind2=" " tag="024">
      <subfield code="a">https://hdl.handle.net/10630/15705</subfield>
   </datafield>
   <datafield tag="653" ind2=" " ind1=" ">
      <subfield code="a">Bosques - Mediterráneo (Región)</subfield>
   </datafield>
   <datafield ind2="0" ind1="0" tag="245">
      <subfield code="a">Bosques Mediterráneos suribéricos (Málaga, Andalucía): grupos funcionales y biogeografía</subfield>
   </datafield>
</record>
</metadata></record></GetRecord></OAI-PMH>